| 000 | 00000nam##2200000za#4500 |
| 001 | 9.686665 |
| 003 | CaOODSP |
| 005 | 20241203113636 |
| 007 | cr ||||||||||| |
| 008 | 150407|2004||||xxc|||||o f|0| 0 eng|d |
| 020 | |a0-662-34976-8 |
| 040 | |aCaOODSP|beng |
| 043 | |an-cn--- |
| 086 | 1 |aEn154-16/2004E-PDF |
| 110 | 1 |aCanada. |bEnvironment Canada. |
| 245 | 10|aGuide for the implementation of a halocarbon recovery program for domestic appliances |h[electronic resource] |
| 260 | |aMontreal - Quebec : |bEnvironment Canada |cc2004. |
| 300 | |a40p.|bfigs., tables |
| 500 | |aThe catalogue number (En154-16/2004E) and ISBN (0-662-34975-X) for the print edition have been incorrectly copied in this electronic publication. |
| 590 | |a14-08-Supp|b2014-04-10 |
| 690 | 07|aDomestic waste|2gcpds |
| 690 | 07|aElectrical appliances|2gcpds |
| 690 | 07|aEnvironmental protection|2gcpds |
| 775 | 08|tGuide d'implantation d'un programme de récupération des halocarbures contenus dans les appareils domestiques |w(CaOODSP)9.631131 |
| 856 | 40|ahttp://publications.gc.ca|qPDF|s1.40 MB|uhttps://publications.gc.ca/collections/collection_2014/ec/En154-16-2004-eng.pdf |